Cinco países menos adivinados por continente - Estadísticas

Estadísticas generales
  • Esta prueba ha sido intentada 461 veces
  • La puntuación promedio es 22 de 30
Estadísticas de respuestas
Continent % Country % Correcto
América del Sur 57% Surinam
91%
América del Sur 63% Guyana
88%
América del Sur 86% Paraguay
84%
Europa 29% Liechtenstein
83%
América del Sur 86% Bolivia
82%
América del Sur 85% Ecuador
80%
Europa 36% San Marino
80%
América del Norte 24% San Vicente y las Granadinas
80%
Oceania 21% Tuvalu
80%
Oceania 21% Vanuatu
80%
América del Norte 22% San Cristóbal y Nieves
79%
América del Norte 27% Granada
78%
Europa 35% Kosovo
78%
Oceania 18% Nauru
78%
América del Norte 26% Santa Lucía
77%
América del Norte 32% Antigua y Barbuda
74%
Oceania 20% Kiribati
73%
Europa 41% Malta
73%
Oceania 20% Palaos
73%
Asia 23% Brunéi
71%
África 20% Comoras
70%
Europa 38% Moldavia
68%
Asia 19% Timor Oriental
68%
África 24% Seychelles
67%
África 20% Santo Tomé y Príncipe
66%
Asia 21% Baréin
61%
África 24% Suazilandia
60%
África 20% Yibuti
60%
Asia 25% Maldivas
53%
Asia 26% Tayikistán
51%
No se encontraron pruebas coincidentes
Distribución de puntuación
Porcentaje de gente con cada puntuación
Porcentaje por número respondido
Historial de tus puntuaciones
No has intentado esta prueba.